Red hat Linux 7.0 CZ : Inštalanční příručka
Salvato in:
| Ente Autore: | |
|---|---|
| Natura: | Atti del Convegno Libro |
| Pubblicazione: |
Praha :
Computer Press,
2001
|
| Edizione: | 1.vyd. |
| Soggetti: | |
| Tags: |
Nessun Tag, puoi essere il primo ad aggiungerne!!
|
MARC
| LEADER | 00000nam a22000003a 4500 | ||
|---|---|---|---|
| 001 | stu57881 | ||
| 005 | 20200914124133.6 | ||
| 008 | 010516s2001----xr----------------------d | ||
| 020 | |a 80-7226-425-7 | ||
| 040 | |a STU |b slo | ||
| 044 | |a xr | ||
| 080 | |a 681.32.06 | ||
| 080 | |a 681.32.066 LINUX | ||
| 080 | |a 519.68 | ||
| 084 | |a B6210L |2 INS | ||
| 084 | |a C5620 |2 INS | ||
| 084 | |a C5640 |2 INS | ||
| 084 | |a C6150N |2 INS | ||
| 084 | |a D5020 |2 INS | ||
| 111 | 2 | |a CZLUG | |
| 245 | |a Red hat Linux 7.0 CZ : |b Inštalanční příručka | ||
| 250 | |a 1.vyd. | ||
| 260 | |a Praha : |b Computer Press, |c 2001 | ||
| 300 | |a 45 s | ||
| 650 | 7 | |a sieťové operačné systémy |2 stusub | |
| 650 | 7 | |a internet |2 stusub | |
| 650 | 7 | |a komunikačné protokoly |2 stusub | |
| 650 | 7 | |a servery |2 stusub | |
| 650 | 7 | |a Linux-systémy operačné |2 stusub | |
| 996 | |b 284EK83909 |c E*83909 |l EE16 |s P |a 0 |w stu57881_0001 | ||